000
00312nam a22001457a 4500
008
221017b ||||| |||| 00| 0 eng d
020
_a
9780764596490
041
_a
eng
080
_a
004
082
_a
004
100
_a
19
101
_a
shk
245
_a
Dremaweaver for Dummies
_c
WARNER J
942
_2
udc
_c
BK
999
_c
58586
_d
58586